[Event "24th Klatovy B 2016"]
[Site "Klatovy CZE"]
[Date "2016.07.04"]
[Round "3.1"]
[White "Kotva, Milan"]
[Black "Micka, Norbert"]
[Result "1-0"]
[WhiteElo "1998"]
[BlackElo "1848"]
[PlyCount "57"]
[EventDate "2016.07.02"]
[EventType "swiss"]
[EventRounds "9"]
[EventCountry "CZE"]

1. e4 e6 2. d4 d5 3. Nc3 Bb4 4. e5 c5 5. a3 Bxc3+ 6. bxc3 Ne7 7. Nf3 Nbc6 8. Be2 Qa5 9. Bd2 Bd7 10. c4 Qc7 11. cxd5 Nxd5 12. c3 h6 13. O-O O-O 14. Bd3 cxd4 15. cxd4 f6 16. exf6 Rxf6 17. Be4 Raf8 18. Rc1 Qd8 19. Qb3 Bc8 20. Be3 Qd6 21. Rfe1 Rd8 22. Qb2 Nce7 23. Ne5 Nxe3 24. fxe3 Nd5 25. Bb1 Qe7 26. Qc2 g5 27. Ng4 Qg7 28. Nxf6+ Nxf6 29. Qxc8 1-0

[Event "24th Klatovy B 2016"]
[Site "Klatovy CZE"]
[Date "2016.07.04"]
[Round "3.2"]
[White "Zednik, Zdenek"]
[Black "Zamorsky, Ladislav"]
[Result "1-0"]
[WhiteElo "1966"]
[BlackElo "1840"]
[PlyCount "37"]
[EventDate "2016.07.02"]
[EventType "swiss"]
[EventRounds "9"]
[EventCountry "CZE"]

1. Nf3 Nf6 2. c4 c5 3. Nc3 g6 4. d4 cxd4 5. Nxd4 Bg7 6. g3 d6 7. Bg2 Nbd7 8. O-O O-O 9. e4 Nc5 10. h3 a6 11. Be3 Rb8 12. Rc1 Bd7 13. b4 Ne6 14. Nb3 b6 15. Qd2 Re8 16. Rfd1 Bc6 17. e5 Bxg2 18. exf6 Bxf6 19. Kxg2 1-0

[Event "24th Klatovy B 2016"]
[Site "Klatovy CZE"]
[Date "2016.07.04"]
[Round "3.3"]
[White "Jirasek, Jiri"]
[Black "Sprenar, Petr"]
[Result "1/2-1/2"]
[WhiteElo "1881"]
[BlackElo "1798"]
[PlyCount "106"]
[EventDate "2016.07.02"]
[EventType "swiss"]
[EventRounds "9"]
[EventCountry "CZE"]

1. d4 Nf6 2. c4 e6 3. Nf3 b6 4. Nc3 Bb4 5. Bd2 Bb7 6. e3 O-O 7. a3 Bxc3 8. Bxc3 Ne4 9. Rc1 d6 10. Be2 Nd7 11. O-O Qe7 12. Nd2 Nxc3 13. Rxc3 c5 14. Bf3 Bxf3 15. Qxf3 Rfd8 16. Ne4 d5 17. cxd5 exd5 18. Nd2 Nf6 19. dxc5 bxc5 20. Rfc1 Rab8 21. Rxc5 Rxb2 22. Qd1 h6 23. Nf3 Rxf2 24. Kxf2 Ne4+ 25. Kg1 Nxc5 26. Rc3 Ne4 27. Rd3 Rc8 28. Qa1 Rc5 29. h3 f6 30. Nd4 Qc7 31. Nb3 Rc2 32. Qe1 Qc4 33. Qf1 Nf2 34. Rd2 Qxb3 35. Qxf2 Qb1+ 36. Kh2 Rxd2 37. Qxd2 Qe4 38. Qa5 Qxe3 39. Qxd5+ Kh8 40. Qa2 a5 41. a4 Qe5+ 42. Kg1 f5 43. Qc4 f4 44. Qb5 Qe1+ 45. Kh2 g5 46. Qc6 Kg7 47. Qd7+ Kg6 48. Qc6+ Kg7 49. Qd7+ Kf6 50. Qc6+ Qe6 51. Qc3+ Qe5 52. Qc6+ Kf5 53. Qc2+ Qe4 1/2-1/2

[Event "24th Klatovy B 2016"]
[Site "Klatovy CZE"]
[Date "2016.07.04"]
[Round "3.4"]
[White "Perik, Alois"]
[Black "Simacek, Vaclav"]
[Result "1-0"]
[WhiteElo "1807"]
[BlackElo "1876"]
[PlyCount "83"]
[EventDate "2016.07.02"]
[EventType "swiss"]
[EventRounds "9"]
[EventCountry "CZE"]

1. c4 e5 2. Nc3 Nf6 3. g3 Bc5 4. e3 Nc6 5. Bg2 d6 6. Nge2 Bf5 7. O-O Bd3 8. b3 O-O 9. Bb2 Nb4 10. a3 Nc6 11. Re1 e4 12. Nf4 Ne5 13. Na4 Bb6 14. Bc3 c6 15. Nb2 Re8 16. Nbxd3 Nxd3 17. Nxd3 exd3 18. Qb1 Ne4 19. Bxe4 Rxe4 20. Qxd3 Rg4 21. Qf5 Rg5 22. Qf3 Qd7 23. d4 Re8 24. Rad1 Rf5 25. Qg2 Qe7 26. d5 cxd5 27. Rxd5 Rxd5 28. Qxd5 a6 29. Bd4 Qc7 30. Rd1 h6 31. b4 Rc8 32. Bxb6 Qxb6 33. Rd4 Kf8 34. Qf5 Re8 35. Qh7 Re6 36. Qh8+ Ke7 37. Qxg7 Qc6 38. Qg4 Qa4 39. Rd3 Qc2 40. Qd4 Qe2 41. c5 dxc5 42. Qd8# 1-0

[Event "24th Klatovy B 2016"]
[Site "Klatovy CZE"]
[Date "2016.07.04"]
[Round "3.5"]
[White "Kastner, Jan"]
[Black "Vavrinkova, Eliska"]
[Result "1/2-1/2"]
[WhiteElo "1875"]
[BlackElo "1626"]
[PlyCount "60"]
[EventDate "2016.07.02"]
[EventType "swiss"]
[EventRounds "9"]
[EventCountry "CZE"]

1. e4 d5 2. exd5 Qxd5 3. Nc3 Qd6 4. Nf3 Nf6 5. Bb5+ c6 6. Be2 Bg4 7. d4 Nbd7 8. h3 Bh5 9. a4 e6 10. Nh4 Bxe2 11. Nxe2 Qc7 12. c3 Bd6 13. Qc2 O-O 14. Nf3 Rac8 15. O-O h6 16. Nd2 c5 17. Nf3 e5 18. dxe5 Nxe5 19. Nxe5 Bxe5 20. Qf5 Nd7 21. Bf4 Bxf4 22. Nxf4 Nf6 23. a5 Rfe8 24. Rfe1 Rcd8 25. Rxe8+ Rxe8 26. g3 Re5 27. Qd3 c4 28. Qd4 Rxa5 29. Rxa5 Qxa5 30. Qxc4 Qa1+ 1/2-1/2

[Event "24th Klatovy B 2016"]
[Site "Klatovy CZE"]
[Date "2016.07.04"]
[Round "3.6"]
[White "Zak, Jiri1"]
[Black "Mejzr, Jan"]
[Result "1/2-1/2"]
[WhiteElo "1717"]
[BlackElo "1853"]
[PlyCount "38"]
[EventDate "2016.07.02"]
[EventType "swiss"]
[EventRounds "9"]
[EventCountry "CZE"]

1. d4 Nf6 2. c4 g6 3. Nc3 d5 4. Nf3 Bg7 5. e3 O-O 6. Be2 c6 7. O-O Nbd7 8. Re1 Re8 9. cxd5 Nxd5 10. Nxd5 cxd5 11. b3 e5 12. dxe5 Nxe5 13. Nd4 Qb6 14. Bb2 Bd7 15. Rc1 Rac8 16. Qd2 a6 17. Nf3 Nxf3+ 18. Bxf3 Bxb2 19. Qxb2 Rxc1 1/2-1/2

[Event "24th Klatovy B 2016"]
[Site "Klatovy CZE"]
[Date "2016.07.04"]
[Round "3.7"]
[White "Bauer, Jan 2005"]
[Black "Kovar, Petr2"]
[Result "0-1"]
[WhiteElo "1296"]
[BlackElo "1980"]
[PlyCount "78"]
[EventDate "2016.07.02"]
[EventType "swiss"]
[EventRounds "9"]
[EventCountry "CZE"]

1. e4 c5 2. Nf3 d6 3. Nc3 Nc6 4. d4 cxd4 5. Nxd4 Nf6 6. Be3 g6 7. f3 Bg7 8. Qd2 O-O 9. O-O-O d5 10. exd5 Nxd5 11. Nxc6 bxc6 12. Nxd5 cxd5 13. Bh6 Bxh6 14. Qxh6 Qa5 15. a3 e5 16. h4 f6 17. Bd3 Rf7 18. g4 Rb8 19. g5 f5 20. h5 Rb6 21. hxg6 Rxg6 22. Qh4 Qb6 23. Rde1 e4 24. fxe4 fxe4 25. Rh2 Be6 26. Bf1 Rb7 27. c3 Qd8 28. Rg2 Qb6 29. Ree2 Qb3 30. Ref2 Qa2 31. b4 Qxa3+ 32. Kd1 Qxc3 33. Qf4 Qxb4 34. Be2 d4 35. Bh5 Bb3+ 36. Rc2 Rf7 37. Qxf7+ Kxf7 38. Rgf2+ Kg7 39. Bxg6 Kxg6 0-1

[Event "24th Klatovy B 2016"]
[Site "Klatovy CZE"]
[Date "2016.07.04"]
[Round "3.8"]
[White "Cizek, Ondrej"]
[Black "Maly, Jiri"]
[Result "1/2-1/2"]
[WhiteElo "1826"]
[BlackElo "1657"]
[PlyCount "73"]
[EventDate "2016.07.02"]
[EventType "swiss"]
[EventRounds "9"]
[EventCountry "CZE"]

1. e4 c5 2. Nc3 Nc6 3. g3 b6 4. Bg2 Bb7 5. d3 d6 6. Nge2 e6 7. O-O Be7 8. Be3 Nf6 9. h3 O-O 10. Qd2 d5 11. exd5 Nxd5 12. Nxd5 exd5 13. d4 cxd4 14. Nxd4 Bf6 15. c3 Ne5 16. Rab1 Rc8 17. h4 Ba6 18. Rfd1 Bd3 19. Nc2 Be4 20. Bxe4 dxe4 21. Qe2 Nf3+ 22. Kg2 Qe7 23. Nd4 Bxd4 24. Bxd4 f5 25. Be3 h6 26. Qb5 Rcd8 27. Rd5 Rxd5 28. Qxd5+ Qf7 29. Qxf7+ Rxf7 30. Rd1 Kh7 31. Rd5 g5 32. hxg5 hxg5 33. Bd4 Kg6 34. Rd6+ Kh5 35. Kh3 Ng1+ 36. Kg2 Nf3 37. Kh3 1/2-1/2

[Event "24th Klatovy B 2016"]
[Site "Klatovy CZE"]
[Date "2016.07.04"]
[Round "3.9"]
[White "Pucholt, Martin"]
[Black "Lener, Jaroslav 1975"]
[Result "1/2-1/2"]
[WhiteElo "1641"]
[BlackElo "1820"]
[PlyCount "31"]
[EventDate "2016.07.02"]
[EventType "swiss"]
[EventRounds "9"]
[EventCountry "CZE"]

1. e4 c5 2. Nf3 Nc6 3. b3 e5 4. Bb2 d6 5. Nc3 Nf6 6. d3 Qa5 7. Qd2 Bg4 8. Be2 Rc8 9. O-O Nd4 10. Bd1 g6 11. Nb1 Qxd2 12. Nbxd2 Bh6 13. c3 Bxd2 14. Nxd2 Ne2+ 15. Kh1 Nf4 16. Bc2 1/2-1/2

[Event "24th Klatovy B 2016"]
[Site "Klatovy CZE"]
[Date "2016.07.04"]
[Round "3.10"]
[White "Zimovcak, Zdenek"]
[Black "Cyron, Karel"]
[Result "1/2-1/2"]
[WhiteElo "1632"]
[BlackElo "1802"]
[PlyCount "35"]
[EventDate "2016.07.02"]
[EventType "swiss"]
[EventRounds "9"]
[EventCountry "CZE"]

1. e4 Nf6 2. e5 Nd5 3. Bc4 e6 4. Nf3 d6 5. d4 Be7 6. c3 O-O 7. O-O Nd7 8. Re1 N5b6 9. Bb3 d5 10. Bc2 c5 11. Qd3 f5 12. exf6 Nxf6 13. Ng5 c4 14. Qh3 g6 15. Qh6 Rf7 16. Nxf7 Kxf7 17. Re3 Qf8 18. Rf3 1/2-1/2

[Event "24th Klatovy B 2016"]
[Site "Klatovy CZE"]
[Date "2016.07.04"]
[Round "3.11"]
[White "Rezac, Jindrich"]
[Black "Stross, Frantisek 1952"]
[Result "1/2-1/2"]
[WhiteElo "1799"]
[BlackElo "1652"]
[PlyCount "62"]
[EventDate "2016.07.02"]
[EventType "swiss"]
[EventRounds "9"]
[EventCountry "CZE"]

1. d4 d5 2. c4 e6 3. Nc3 Nf6 4. Nf3 Nc6 5. e3 Be7 6. Bd3 O-O 7. O-O Nb4 8. Be2 c5 9. a3 Nc6 10. dxc5 Bxc5 11. b4 Bd6 12. cxd5 exd5 13. Bb2 a6 14. Qb3 Be6 15. Nd4 Nxd4 16. exd4 Qc7 17. g3 Rad8 18. Bf3 Ne4 19. Rad1 Qc6 20. Rfe1 Nxc3 21. Bxc3 b5 22. Bd2 h6 23. Rc1 Qb7 24. Rc3 Rc8 25. Rec1 Rxc3 26. Rxc3 Bb8 27. Qc2 Ba7 28. Rc7 Qa8 29. Be3 Bb6 30. Rc6 Qa7 31. Qd3 Qb7 1/2-1/2

[Event "24th Klatovy B 2016"]
[Site "Klatovy CZE"]
[Date "2016.07.04"]
[Round "3.12"]
[White "Schille, Hannes"]
[Black "Berka, Lubos"]
[Result "1/2-1/2"]
[WhiteElo "1629"]
[BlackElo "1787"]
[PlyCount "136"]
[EventDate "2016.07.02"]
[EventType "swiss"]
[EventRounds "9"]
[EventCountry "CZE"]

1. d4 Nf6 2. c4 g6 3. Nc3 Bg7 4. e4 d6 5. Nf3 O-O 6. Be2 e5 7. d5 c5 8. O-O a6 9. a3 Nbd7 10. Bd3 Nh5 11. Ne1 Nf4 12. Be3 Nxd3 13. Nxd3 Nb6 14. b3 f5 15. f3 f4 16. Bf2 h5 17. h4 Bh6 18. Qe1 Kh7 19. Kh2 g5 20. hxg5 Bxg5 21. Rh1 Bd7 22. Kg1 Kh6 23. Bh4 Rg8 24. Ra2 Rg7 25. Qf2 Qe7 26. Ne1 Rag8 27. Kf1 Bxh4 28. Qxh4 Qxh4 29. Rxh4 Nc8 30. Nd1 b5 31. Rb2 Nb6 32. cxb5 axb5 33. Nc3 c4 34. b4 Ra8 35. Ra2 Na4 36. Nxa4 Rxa4 37. Ke2 Bc8 38. Kd2 Kg5 39. Rh1 Rga7 40. Nc2 h4 41. Kc3 Rh7 42. Raa1 Raa7 43. Rag1 Kf6 44. Rh2 Rag7 45. Rb1 Kg5 46. Rg1 Rh6 47. Ne1 Rgh7 48. Kb2 Kf6 49. Rgh1 h3 50. gxh3 Rxh3 51. Rxh3 Rxh3 52. Rg1 Rh2+ 53. Kc3 Kf7 54. Rg2 Rxg2 55. Nxg2 Bh3 56. Ne1 Kf6 57. Kd2 Bf1 58. Nc2 Kg5 59. Ke1 Bd3 60. Na1 c3 61. Kf2 Kh4 62. Kg2 Bc4 63. Nc2 Bb3 64. Ne1 c2 65. Nd3 Ba2 66. Kh2 Bc4 67. Nc1 Bf1 68. Nb3 Bc4 1/2-1/2

[Event "24th Klatovy B 2016"]
[Site "Klatovy CZE"]
[Date "2016.07.04"]
[Round "3.13"]
[White "Bartos, Karel"]
[Black "Kaspar, Lukas"]
[Result "1/2-1/2"]
[WhiteElo "1784"]
[BlackElo "1634"]
[PlyCount "32"]
[EventDate "2016.07.02"]
[EventType "swiss"]
[EventRounds "9"]
[EventCountry "CZE"]

1. d4 Nf6 2. Nf3 g6 3. c4 Bg7 4. Nc3 d6 5. e4 O-O 6. Be2 Nc6 7. O-O e5 8. d5 Nb8 9. h3 a5 10. Be3 Nbd7 11. Qc2 b6 12. a3 Ne8 13. b4 f5 14. Rfe1 f4 15. Bd2 h5 16. g3 g5 1/2-1/2

[Event "24th Klatovy B 2016"]
[Site "Klatovy CZE"]
[Date "2016.07.04"]
[Round "3.14"]
[White "Vavrinkova, Jitka"]
[Black "Vavrousek, Petr"]
[Result "0-1"]
[WhiteElo "1625"]
[BlackElo "1763"]
[PlyCount "138"]
[EventDate "2016.07.02"]
[EventType "swiss"]
[EventRounds "9"]
[EventCountry "CZE"]

1. e4 e6 2. d4 d5 3. Nd2 dxe4 4. Nxe4 Bd7 5. Nf3 Bc6 6. Bd3 Nd7 7. Bf4 Ngf6 8. Ned2 Nd5 9. Bg3 Be7 10. O-O Nb4 11. Be2 O-O 12. c3 Nd5 13. Qc2 f5 14. h3 N5f6 15. Ne5 Nxe5 16. dxe5 Ne4 17. Nxe4 Bxe4 18. Qb3 Bd5 19. c4 Bc6 20. f4 Bc5+ 21. Bf2 Qe7 22. a3 Rad8 23. Qc3 Bxf2+ 24. Rxf2 Qc5 25. b4 Qd4 26. Qxd4 Rxd4 27. c5 Rfd8 28. Rff1 Rd2 29. Rad1 Ba4 30. Rxd2 Rxd2 31. Bc4 Kf7 32. Rf3 Bc6 33. Rf2 Rd4 34. Be2 h6 35. h4 g6 36. g3 Rd2 37. Bc4 Rd1+ 38. Rf1 Rd4 39. Be2 Rd2 40. Bf3 Rd3 41. Bxc6 bxc6 42. Kf2 Rxa3 43. Rd1 Ke7 44. Re1 h5 45. Rb1 Kd7 46. Rd1+ Kc8 47. Rd4 Ra4 48. Ke3 a5 49. bxa5 Rxa5 50. Rc4 Kb7 51. Kd4 Ka6 52. Rc3 Ra4+ 53. Kd3 Kb5 54. Ke3 Rc4 55. Rd3 Kxc5 56. Rd7 Rc3+ 57. Kf2 Kc4 58. Rxc7 Kd4 59. Rd7+ Ke4 60. Rd2 c5 61. Re2+ Kd4 62. Rd2+ Rd3 63. Ra2 c4 64. Ra6 Ke4 65. Rxe6 c3 66. Rc6 Rd2+ 67. Ke1 Kd3 68. Rd6+ Kc2 69. e6 Rxd6 0-1

[Event "24th Klatovy B 2016"]
[Site "Klatovy CZE"]
[Date "2016.07.04"]
[Round "3.15"]
[White "Rychtecky, Pavel"]
[Black "Kovarova, Oxana"]
[Result "1/2-1/2"]
[WhiteElo "1546"]
[BlackElo "1759"]
[PlyCount "93"]
[EventDate "2016.07.02"]
[EventType "swiss"]
[EventRounds "9"]
[EventCountry "CZE"]

1. e4 e5 2. Nf3 Nc6 3. Bb5 f5 4. Nc3 Nf6 5. O-O fxe4 6. Bxc6 dxc6 7. Nxe4 Bf5 8. Ng3 Bg4 9. h3 Be6 10. Nxe5 Qd5 11. d4 O-O-O 12. Be3 Nd7 13. Nd3 g5 14. b3 h6 15. c4 Qd6 16. Ne4 Qe7 17. f3 Bg7 18. Qe2 Bf5 19. Ng3 Bg6 20. Rad1 Nf6 21. Ne5 Bh7 22. Rfe1 Rhf8 23. Qf2 Qd6 24. c5 Qe6 25. Qe2 Nd5 26. Qf2 Bxe5 27. dxe5 Qxe5 28. Bd4 Qf4 29. Bg7 Rfe8 30. Rxe8 Rxe8 31. Re1 Rxe1+ 32. Qxe1 Kd7 33. Be5 Qb4 34. Qxb4 Nxb4 35. a3 Nd3 36. Bd4 Ke6 37. b4 Kf7 38. Kf1 b6 39. cxb6 cxb6 40. Ne2 c5 41. bxc5 bxc5 42. Be3 a6 43. g3 Bf5 44. h4 gxh4 45. gxh4 Kg6 46. Kg2 c4 47. Kg3 1/2-1/2

[Event "24th Klatovy B 2016"]
[Site "Klatovy CZE"]
[Date "2016.07.04"]
[Round "3.16"]
[White "Novotny, David"]
[Black "Flajsman, Pavel"]
[Result "0-1"]
[WhiteElo "1758"]
[BlackElo "1522"]
[PlyCount "46"]
[EventDate "2016.07.02"]
[EventType "swiss"]
[EventRounds "9"]
[EventCountry "CZE"]

1. d4 f5 2. c4 e6 3. Nc3 d5 4. cxd5 exd5 5. Qb3 c6 6. Nf3 Nf6 7. e3 Be7 8. Bd3 Ne4 9. Ne5 Bd6 10. Bxe4 fxe4 11. f4 Qb6 12. Qd1 O-O 13. g4 Qd8 14. h4 Be7 15. g5 Bf5 16. Ne2 Qc8 17. Ng3 Na6 18. Bd2 c5 19. Rc1 b6 20. dxc5 bxc5 21. Bc3 Qe6 22. Nxf5 Rxf5 23. Qg4 Rxe5 0-1

[Event "24th Klatovy B 2016"]
[Site "Klatovy CZE"]
[Date "2016.07.04"]
[Round "3.17"]
[White "Kovar, Vaclav 1953"]
[Black "Kubat, Zbynek"]
[Result "1/2-1/2"]
[WhiteElo "1730"]
[BlackElo "1629"]
[PlyCount "38"]
[EventDate "2016.07.02"]
[EventType "swiss"]
[EventRounds "9"]
[EventCountry "CZE"]

1. d4 Nf6 2. c4 g6 3. Nc3 d5 4. cxd5 Nxd5 5. e4 Nb6 6. Nf3 Bg7 7. h3 O-O 8. Bf4 c6 9. Rc1 N8d7 10. a4 a5 11. Be2 Nf6 12. O-O Be6 13. b3 Nh5 14. Be3 Nf6 15. Qc2 Rc8 16. Ng5 Bd7 17. Rfd1 h6 18. Nf3 Qc7 19. Qd2 Kh7 1/2-1/2

[Event "24th Klatovy B 2016"]
[Site "Klatovy CZE"]
[Date "2016.07.04"]
[Round "3.18"]
[White "Kubat, Martin"]
[Black "Kubat, Ladislav"]
[Result "1/2-1/2"]
[WhiteElo "1709"]
[BlackElo "1435"]
[PlyCount "118"]
[EventDate "2016.07.02"]
[EventType "swiss"]
[EventRounds "9"]
[EventCountry "CZE"]

1. e4 c6 2. d4 d5 3. exd5 cxd5 4. Bd3 Nc6 5. Nf3 Nf6 6. O-O Bg4 7. c3 g6 8. Nbd2 Bg7 9. h3 Bxf3 10. Nxf3 O-O 11. Re1 e6 12. Bg5 Qc7 13. Qd2 Rac8 14. Ne5 Nxe5 15. dxe5 Ne4 16. Bxe4 dxe4 17. Bf6 Bxf6 18. exf6 Qe5 19. Qd4 Qxd4 20. cxd4 Rc2 21. Rab1 Rd2 22. Rxe4 Rd8 23. g4 R2xd4 24. Rxd4 Rxd4 25. Rc1 h6 26. Rc8+ Kh7 27. Rc7 Kg8 28. Rxb7 Ra4 29. a3 g5 30. Kg2 a6 31. Kg3 a5 32. f3 Rf4 33. Ra7 a4 34. Kf2 Rc4 35. Ke3 Rc2 36. Rb7 Kh7 37. Rxf7+ Kg6 38. Rb7 Kxf6 39. Rb4 Rh2 40. Ke4 Re2+ 41. Kd3 Rf2 42. Ke3 Rh2 43. Rxa4 Rxb2 44. Ra8 Rh2 45. a4 Rxh3 46. a5 Rh1 47. a6 Ra1 48. a7 Ke5 49. Kf2 Ra2+ 50. Kg3 Ra3 51. Rh8 Rxa7 52. Rxh6 Rg7 53. Rh1 Rf7 54. Re1+ Kd5 55. Kf2 Rf4 56. Ke3 e5 57. Ra1 Ke6 58. Ra6+ Kf7 59. Rb6 Rc4 1/2-1/2

[Event "24th Klatovy B 2016"]
[Site "Klatovy CZE"]
[Date "2016.07.04"]
[Round "3.19"]
[White "Leseticky, Vladimir"]
[Black "Peterek, Zbynek"]
[Result "1-0"]
[WhiteElo "1665"]
[BlackElo "1314"]
[PlyCount "127"]
[EventDate "2016.07.02"]
[EventType "swiss"]
[EventRounds "9"]
[EventCountry "CZE"]

1. e4 e5 2. Nf3 Nc6 3. Bb5 d6 4. d4 Bd7 5. d5 Nce7 6. Bxd7+ Qxd7 7. O-O Nf6 8. Qe2 Ng6 9. c4 Be7 10. b3 O-O 11. Be3 Ng4 12. Bd2 Nf4 13. Bxf4 exf4 14. h3 Bf6 15. e5 Bxe5 16. Nxe5 Nxe5 17. Nd2 Rfe8 18. Qh5 Ng6 19. Nf3 f6 20. Rfe1 Rxe1+ 21. Rxe1 Re8 22. Rxe8+ Qxe8 23. Qf5 Nf8 24. Qxf4 Qe2 25. Qd2 Qxd2 26. Nxd2 Kf7 27. b4 c6 28. dxc6 bxc6 29. a4 Ke6 30. b5 cxb5 31. axb5 Nd7 32. Nb3 Ke5 33. Na5 Nb6 34. Nc6+ Ke4 35. Nxa7 Nxc4 36. Nc8 d5 37. b6 Na5 38. Nd6+ Ke5 39. b7 Nc6 40. Nb5 d4 41. Kf1 Kd5 42. Nc7+ Kc4 43. Ke2 d3+ 44. Kd1 Kc5 45. Na6+ Kb6 46. b8=Q+ Nxb8 47. Nxb8 Kc7 48. Na6+ Kb6 49. Nb4 Kc5 50. Nxd3+ Kd5 51. Ke2 g5 52. Kf3 h5 53. Nb4+ Ke5 54. Nc6+ Kf5 55. g4+ Kg6 56. Ke4 h4 57. f3 Kg7 58. Kf5 Kf7 59. Nb4 Ke7 60. Nd5+ Kf7 61. Nxf6 Kg7 62. Kxg5 Kf7 63. Ne4 Kg7 64. Kxh4 1-0

[Event "24th Klatovy B 2016"]
[Site "Klatovy CZE"]
[Date "2016.07.04"]
[Round "3.20"]
[White "Nemec, Frantisek 1985"]
[Black "Vavrinek, Tomas"]
[Result "1/2-1/2"]
[WhiteElo "1614"]
[BlackElo "1773"]
[PlyCount "84"]
[EventDate "2016.07.02"]
[EventType "swiss"]
[EventRounds "9"]
[EventCountry "CZE"]

1. e4 c5 2. Nf3 Nc6 3. d4 cxd4 4. Nxd4 Nf6 5. Nc3 e5 6. Nxc6 bxc6 7. a3 Bc5 8. Bd3 h6 9. O-O O-O 10. Na4 Be7 11. c4 Bb7 12. c5 d5 13. cxd6 Qxd6 14. Be3 Rfd8 15. Nc5 Qc7 16. Qc2 Ng4 17. Rad1 Nxe3 18. fxe3 Bxc5 19. Qxc5 Qb6 20. b4 Qxc5 21. bxc5 f6 22. Bc4+ Kf8 23. Rb1 Rd7 24. Be6 Rc7 25. Rfd1 Bc8 26. Bxc8 Raxc8 27. Rd2 Ke7 28. Kf2 a5 29. a4 Rd7 30. Rxd7+ Kxd7 31. Rb7+ Rc7 32. Rb6 g6 33. Ra6 Rb7 34. Rxa5 Rb4 35. Ke2 Rc4 36. Ra7+ Ke6 37. Ra8 Rxc5 38. a5 h5 39. a6 Ra5 40. h4 c5 41. a7 Kf7 42. Rc8 Rxa7 1/2-1/2

[Event "24th Klatovy B 2016"]
[Site "Klatovy CZE"]
[Date "2016.07.04"]
[Round "3.21"]
[White "Kasik, Miroslav"]
[Black "Krisman, Ondrej"]
[Result "1-0"]
[WhiteElo "1768"]
[BlackElo "1608"]
[PlyCount "39"]
[EventDate "2016.07.02"]
[EventType "swiss"]
[EventRounds "9"]
[EventCountry "CZE"]

1. e4 e5 2. Nf3 Nc6 3. Bb5 a6 4. Ba4 Nf6 5. d4 exd4 6. O-O b5 7. Bb3 d5 8. exd5 Nxd5 9. Nxd4 Bb7 10. Re1+ Nce7 11. Nf5 g6 12. Nxe7 Bxe7 13. Bg5 f6 14. Bxd5 Bxd5 15. Bxf6 Be6 16. Bxh8 Kf7 17. Qxd8 Rxd8 18. Be5 c5 19. Nc3 b4 20. Ne4 1-0

[Event "24th Klatovy B 2016"]
[Site "Klatovy CZE"]
[Date "2016.07.04"]
[Round "3.22"]
[White "Novy, Jan"]
[Black "Cipera, Josef"]
[Result "0-1"]
[WhiteElo "1606"]
[BlackElo "1756"]
[PlyCount "110"]
[EventDate "2016.07.02"]
[EventType "swiss"]
[EventRounds "9"]
[EventCountry "CZE"]

1. e4 d6 2. d4 g6 3. f4 Bg7 4. Nf3 Nf6 5. Nc3 O-O 6. Bc4 c6 7. O-O b5 8. Bd3 Bg4 9. h3 Bd7 10. Qe1 e6 11. Kh1 Na6 12. a3 Nc7 13. g4 Re8 14. Qg3 Bc8 15. Rg1 Bb7 16. Kh2 a6 17. Be3 Qe7 18. Rae1 Qd8 19. f5 c5 20. e5 dxe5 21. dxe5 Nd7 22. Bg5 Qc8 23. Ne4 Bxe4 24. Bxe4 Nd5 25. fxg6 fxg6 26. b3 Ra7 27. c4 bxc4 28. bxc4 N5b6 29. Bd3 Qc6 30. Re4 Qa4 31. Bc1 Nf8 32. Qf2 Qc6 33. Rf1 Rf7 34. Qe3 Qc7 35. Rf4 Rxf4 36. Qxf4 Nbd7 37. Bb2 Rb8 38. Ba1 Rb3 39. Ne1 Bxe5 40. Bxe5 Qxe5 41. a4 Qxf4+ 42. Rxf4 Ne5 43. Bc2 Rc3 44. Kg2 Kg7 45. Re4 Nxc4 46. Bd3 Nd6 47. Re2 a5 48. Rb2 c4 49. Bc2 Nd7 50. Nf3 Kf6 51. g5+ Ke7 52. Kf2 Nc5 53. Ra2 Nd3+ 54. Kg3 Nb4 55. Bxg6 hxg6 0-1

[Event "24th Klatovy B 2016"]
[Site "Klatovy CZE"]
[Date "2016.07.04"]
[Round "3.23"]
[White "Sova, Zdenek"]
[Black "Kotal, Petr"]
[Result "1-0"]
[WhiteElo "1747"]
[BlackElo "1558"]
[PlyCount "71"]
[EventDate "2016.07.02"]
[EventType "swiss"]
[EventRounds "9"]
[EventCountry "CZE"]

1. Nf3 d5 2. d4 Nf6 3. c4 e6 4. Nc3 c6 5. e3 Nbd7 6. Qc2 Bd6 7. Bd3 dxc4 8. Bxc4 b5 9. Bd3 Bb7 10. O-O h5 11. e4 Ng4 12. e5 Be7 13. Be4 Qc7 14. Nxb5 Qb6 15. Nc3 g6 16. h3 Nh6 17. Bxh6 Rxh6 18. Qd2 Rh8 19. a3 Ba6 20. Rfd1 Rg8 21. b4 g5 22. g4 hxg4 23. hxg4 Bc4 24. Rac1 Bd5 25. Qd3 Nf8 26. Na4 Qb5 27. Bxd5 exd5 28. Qxb5 cxb5 29. Nc3 Rg6 30. Nxb5 Bd8 31. Nc3 Ne6 32. Nxd5 Rb8 33. Rc6 Rb5 34. Nc3 Rb7 35. Ne4 Kd7 36. Rxe6 1-0

[Event "24th Klatovy B 2016"]
[Site "Klatovy CZE"]
[Date "2016.07.04"]
[Round "3.24"]
[White "Soukup, Jiri1"]
[Black "Spackova, Martina 1992"]
[Result "1-0"]
[WhiteElo "1591"]
[BlackElo "1731"]
[PlyCount "82"]
[EventDate "2016.07.02"]
[EventType "swiss"]
[EventRounds "9"]
[EventCountry "CZE"]

1. e4 e5 2. Nc3 Nf6 3. f4 d5 4. fxe5 Nxe4 5. Nf3 Bc5 6. d4 Bb4 7. Bd2 Bxc3 8. Bxc3 a5 9. Bd3 Bg4 10. O-O O-O 11. Qe1 Nxc3 12. Qxc3 Qe7 13. Qb3 c6 14. c3 b5 15. Qc2 h6 16. h3 Be6 17. Qd2 Nd7 18. Nh2 Qg5 19. Qxg5 hxg5 20. Rf3 f6 21. exf6 gxf6 22. Rg3 Kf7 23. Rf1 Ke7 24. Re3 Kd6 25. Rfe1 Rae8 26. Bg6 Re7 27. Ng4 Rh8 28. Bf5 Rhe8 29. Bg6 Rh8 30. Nf2 Rf8 31. Nd3 a4 32. Nc5 Nxc5 33. dxc5+ Kd7 34. Rxe6 Rxe6 35. Bf5 Rfe8 36. Kf2 R8e7 37. g3 Re8 38. h4 gxh4 39. gxh4 R8e7 40. h5 Re8 41. h6 R8e7 1-0

[Event "24th Klatovy B 2016"]
[Site "Klatovy CZE"]
[Date "2016.07.04"]
[Round "3.25"]
[White "Repa, Vaclav"]
[Black "Sroub, Jaroslav"]
[Result "1-0"]
[WhiteElo "1577"]
[BlackElo "1730"]
[PlyCount "55"]
[EventDate "2016.07.02"]
[EventType "swiss"]
[EventRounds "9"]
[EventCountry "CZE"]

1. c4 Nf6 2. Nc3 e6 3. e4 d5 4. e5 d4 5. Nb5 Nfd7 6. f4 c5 7. g3 a6 8. Na3 Nc6 9. Bg2 Be7 10. Bxc6 bxc6 11. Nf3 h5 12. h3 g5 13. d3 gxf4 14. Bxf4 Nf8 15. Qd2 Ng6 16. O-O-O a5 17. Rdf1 Qb6 18. Bg5 Qb4 19. Bxe7 Qxd2+ 20. Nxd2 Nxe7 21. Ne4 Nf5 22. Nc2 Ke7 23. g4 Nh4 24. Rf2 Bd7 25. Nxc5 Rag8 26. Nxd7 Kxd7 27. Rxf7+ Ke8 28. Ra7 1-0

[Event "24th Klatovy B 2016"]
[Site "Klatovy CZE"]
[Date "2016.07.04"]
[Round "3.26"]
[White "Jedlicka, Pavel"]
[Black "Stanik, Michal"]
[Result "0-1"]
[WhiteElo "1548"]
[BlackElo "1713"]
[PlyCount "66"]
[EventDate "2016.07.02"]
[EventType "swiss"]
[EventRounds "9"]
[EventCountry "CZE"]

1. f4 e5 2. fxe5 d6 3. Nf3 g5 4. d4 g4 5. Bg5 Qd7 6. Nh4 dxe5 7. dxe5 Qxd1+ 8. Kxd1 Bg7 9. Bf4 Nc6 10. e3 Be6 11. Bb5 O-O-O+ 12. Ke2 Nxe5 13. Bxe5 Bxe5 14. c3 Bf6 15. g3 Bd5 16. Rf1 a6 17. Ba4 Bc4+ 18. Kf2 Bxf1 19. Kxf1 Bxh4 20. gxh4 Nf6 21. Bc2 Nd5 22. Bf5+ Kb8 23. Kf2 h5 24. Nd2 Ne7 25. Rf1 Rxd2+ 26. Ke1 Rxb2 27. Bd3 f5 28. e4 Rxa2 29. exf5 Ra1+ 30. Kf2 Rxf1+ 31. Kxf1 Nxf5 32. Ke2 Re8+ 33. Kf2 Nxh4 0-1

[Event "24th Klatovy B 2016"]
[Site "Klatovy CZE"]
[Date "2016.07.04"]
[Round "3.27"]
[White "Psaila, Uranchimeg"]
[Black "Severin, Lubos"]
[Result "1/2-1/2"]
[WhiteElo "1546"]
[BlackElo "1694"]
[PlyCount "32"]
[EventDate "2016.07.02"]
[EventType "swiss"]
[EventRounds "9"]
[EventCountry "CZE"]

1. d4 Nf6 2. e3 g6 3. Bd3 d6 4. f4 Nbd7 5. Nf3 c5 6. c3 Bg7 7. O-O O-O 8. Bd2 Re8 9. h3 e5 10. Bc4 h6 11. Qc2 e4 12. Nh2 d5 13. Be2 c4 14. Be1 Nf8 15. Bh4 N8h7 16. Nd2 Qd6 1/2-1/2